| 000 | 00820nam a2200253Ii 4500 | ||
|---|---|---|---|
| 999 |
_c6085 _d6085 |
||
| 001 | 4047170 | ||
| 003 | OSt | ||
| 005 | 20190111182217.0 | ||
| 008 | 780712n1976 xx 000 0 eng d | ||
| 010 | _a76023254 | ||
| 020 | _a0800708202 | ||
| 040 |
_aCOV _cCOV _dm.c. _dBSC |
||
| 082 |
_a909 _bJ12S |
||
| 092 |
_a909 _bS294hs |
||
| 100 | 1 | _aJackson, Jeremy C. | |
| 245 | 1 | 0 |
_aStudy guide for How should we then live / _cby Jeremy C. Jackson. Assisted by and with the approval of Francis A. Schaeffer. |
| 260 |
_aOld Tappan, N. J. : _bF. H. Revell Co., _c1976. |
||
| 300 |
_a63 p. ; _b25 cm. |
||
| 504 | _aIncludes bibliographies. | ||
| 600 | 1 | 0 |
_aSchaeffer, Francis A. _q(Francis August). _tHow should we then live? |
| 650 | 0 | _aCivilization, Christian. | |
| 650 | 0 |
_aCivilization, Western _xHistory. |
|
| 942 |
_2ddc _cBK |
||